| 000 | 00402nam a2200145Ia 4500 | ||
|---|---|---|---|
| 008 | 200619s9999 xx 000 0 und d | ||
| 020 | _a9780465091102 | ||
| 082 | _aCOR | ||
| 100 | _aWest Cornel | ||
| 245 | 4 | _aThe Cornel West Reader (A Basic Civitas Book) | |
| 264 |
_aNew York _bBasic Civitas Books _c1999 |
||
| 300 | _a604 | ||
| 942 | _cIR | ||
| 999 |
_c120167 _d120167 |
||